<?xml version="1.0" encoding="UTF-8"?>
<marc:record xmlns:marc="http://www.loc.gov/MARC21/slim">
   <marc:leader>00000nam a2200000 a 4500</marc:leader>
   <marc:datafield ind1=" " ind2=" " tag="653">
      <marc:subfield code="a">Kunst</marc:subfield>
   </marc:datafield>
   <marc:datafield ind1=" " ind2=" " tag="653">
      <marc:subfield code="a">Wien</marc:subfield>
   </marc:datafield>
   <marc:datafield ind1=" " ind2=" " tag="653">
      <marc:subfield code="a">Malerei</marc:subfield>
   </marc:datafield>
   <marc:datafield ind1=" " ind2=" " tag="653">
      <marc:subfield code="a">Malen</marc:subfield>
   </marc:datafield>
   <marc:datafield ind1=" " ind2=" " tag="653">
      <marc:subfield code="a">Ausstellung</marc:subfield>
   </marc:datafield>
   <marc:datafield ind1=" " ind2=" " tag="653">
      <marc:subfield code="a">Jugendstil</marc:subfield>
   </marc:datafield>
   <marc:datafield ind1=" " ind2=" " tag="653">
      <marc:subfield code="a">Klimt, Gustav</marc:subfield>
   </marc:datafield>
   <marc:datafield ind1="0" ind2="0" tag="245">
      <marc:subfield code="a">Klimt und die Frauen</marc:subfield>
   </marc:datafield>
   <marc:datafield ind1="0" ind2="0" tag="245">
      <marc:subfield code="c">Hrsg.v. Tobias G. Natter u.a.</marc:subfield>
   </marc:datafield>
   <marc:datafield ind1=" " ind2="1" tag="264">
      <marc:subfield code="a">Köln</marc:subfield>
      <marc:subfield code="b">DuMont</marc:subfield>
      <marc:subfield code="c">2000</marc:subfield>
   </marc:datafield>
   <marc:datafield ind1="1" ind2=" " tag="520">
      <marc:subfield code="a">G. Klimt und die Frauen - ein Thema, über das schon häufig geschrieben wurde. Was dieses Begleitbuch zur Wiener Ausstellung von den anderen Publikationen unterscheidet, ist die Vorstellung der dargestellten Frauen, wie Klimt die Modelle kennen lernte und was sie mit ihm verband. Auch ihr ferneres Schicksal wird erforscht; das letzte Modell starb im Mai 2000. Ihnen allen verdankte G. Klimt (1862-1918) seinen Ruf als bedeutender Vertreter des Wiener Jugendstils. Vom frühen Bildnis des späten 19. Jahrhunderts bis zur Frauendarstellung im Sinne einer Allegorie werden die Bilder chronologisch beschrieben. Daneben werden diese Porträts denen europäischer Malerkollegen gegenübergestellt, und so ist hier eine Sammlung von femininen Repräsentationsbildnissen der Jahrhundertwende entstanden. Mit Berücksichtigung von Klimts Fotografie und Hinweise auf die Mode, an deren Stoffmustern die Wiener Werkstätten beteiligt waren. Mit Biografie. </marc:subfield>
   </marc:datafield>
   <marc:datafield ind1="3" ind2=" " tag="024">
      <marc:subfield code="a">3770153707</marc:subfield>
   </marc:datafield>
   <marc:datafield ind1="0" ind2=" " tag="490">
      <marc:subfield code="v">0</marc:subfield>
   </marc:datafield>
   <marc:datafield ind1=" " ind2=" " tag="300">
      <marc:subfield code="a">256 S. M. Abb.</marc:subfield>
   </marc:datafield>
</marc:record>
